Geography of Israel - Statistics

General Stats
  • This quiz has been taken 999 times
    29 since last reset
  • The average score is 15 of 20
Answer Stats
Hint Answer % Correct
Inland sea that contains the lowest point on land Dead Sea
100%
Official language of Israel Hebrew
100%
Sea that Israel has a very short coastline on Red Sea
100%
Most populous urban area in Israel Tel Aviv
100%
Desert that covers the southern parts of Israel Negev
88%
River that connects those two inland seas to each other Jordan River
84%
Holiest site to the Jewish people Western Wall
84%
City that is home to the Baháʼí World Centre Haifa
80%
Jerusalem hill whose name is synonymous with Israel Mount Zion
80%
Inland sea that Jesus walked on according to the Bible Sea of Galilee
80%
Region that includes Israel and all its neighbors (except Egypt) Levant
76%
Islamic shrine located on the Temple Mount Dome of the Rock
72%
Ancient port, starting with J, that is located near the above Jaffa
72%
Term for an Israeli collective Kibbutz
72%
Seat of the Israeli legislature {Knesset} building
68%
Israel borders that sea via this gulf (give the Arabic name) Gulf of Aqaba
64%
Most populous city in that desert Beersheba
48%
Mountain range that overlooks that gulf – also the name of the only city on that gulf {Eilat} Mountains
40%
Another name for the 1949 Armistice border {Green} Line
24%
City that is known as "the Arab capital of Israel", for its significant Arab population Nazareth
20%
No matching quizzes found
Score Distribution
Percent of People with Each Score
Percentile by Number Answered
Your Score History
You have not taken this quiz since the last reset